Quel pays pour ces codes internationaux ? (4) - Statistiques

Statistiques générales
  • Ce quiz a été pris 26 fois
  • Le résultat moyen est 10 sur 20
Statistiques - réponses
Codes Pays % Correct
ZA / LA / ALB / AL Albanie
100%
PL / POL / EP / SP Pologne
100%
EL / L / LX / LUX / lu Luxembourg
96%
CHE / SZ / CH / HB / LS Suisse
70%
UK / UT / UZ / UZB / uz Ouzbékistan
65%
SAU / SA / KSA / HZ Arabie Saoudite
61%
EC / LE / ES / E / GC Espagne
61%
LN / MCO / MN / MC / 3A Monaco
57%
WSM / WS / SAM / ws Samoa
57%
BH / BIZ / BLZ / BZ / V3 Belize
52%
C5 / GB / GA / GM / WAG Gambie
52%
UV / BFA / BUR / XT Burkina Faso
48%
HR / MH / HN / HO / hn Honduras
48%
PP / PNG / P2 / AY / PG Papouasie-Nouvelle-Guinée
39%
CAF / CT / TL / FE / CF Centrafrique
22%
TI / MR / GT / CS / cr Costa Rica
13%
GD / GRD / J3 / WG / GJ Grenade
9%
BN / BX / V8 / WB / bn Brunei
4%
FZ / CD / 9S / CG / cd Congo RD
0%
8Q / VR / MV / MDV Maldives
0%
Aucun quiz correspondant
Distribution des résultats
% des personnes avec chaque résultat
Percentile par nombre de réponses
Votre historique - résultats
Vous n’avez pas pris ce quiz